Statistics for EU only and NATO only countries

Click here to take the quiz!

General Stats

  • This quiz has been taken 79 times
    (44 since last reset)
  • The average score is 12 of 14

Answer Stats

Answer% Correct
Sweden
93%
Canada
90%
United Kingdom
90%
United States
90%
Austria
88%
Norway
88%
Albania
85%
North Macedonia
85%
Ireland
83%
Turkey
83%
Malta
78%
Montenegro
78%
Cyprus
75%
Iceland
75%

Score Distribution

Percentile by Number Answered

Percent of People with Each Score

Your Score History

You have not taken this quiz since the last reset